| 000 | 00691nam a2200241Ia 4500 | ||
|---|---|---|---|
| 003 | OSt | ||
| 005 | 20220925201116.0 | ||
| 006 | a|||||r|||| 00| 0 | ||
| 007 | ta | ||
| 008 | 220923b |||||||| |||| 00| 0 eng d | ||
| 020 | _a8123014783 | ||
| 037 | _cGeneral Book | ||
| 040 |
_aRTL _cRTL _beng |
||
| 041 |
_2eng _aeng |
||
| 082 | _aV2,21:3(S:682).P, P7.3 | ||
| 100 |
_aJOSHI Naveen Ed. _9259591 |
||
| 245 | 0 |
_aPrime Minister Manmohan Singh _b Selected speech 2006-07. V3 |
|
| 260 |
_aDelhi _bM O P _c2007 |
||
| 300 |
_axvi, 476p _ccm. |
||
| 650 | _aSociology | ||
| 942 |
_hV2,21:3(S:682).P, P7.3 _cGB _2CC |
||
| 999 |
_c539066 _d539066 |
||